00920nam a22002057a 4500003000900000008004100009040007100050082001800121100002100139245008800160260005200248300002800300505029500328650002000623650001500643650001400658650000900672650001600681700001700697AR-CdUCM190226b ||||| |||| 00| 0 spa d aMUNICIPALIDAD PROVINCIAL DEL CUSCOcBIBLIOTECA MUNICIPAL DEL CUSCO a951.93 /bF39 aFukushima, Masao aSobre la Constitución Socialista de la Republica Popular Democrática de Corea / aPyongyang :bEds. en Lenguas Extranjeras,c1975 a342 páginas ;c22 cm. aConsolidemos aun mas el régimen socialista de nuestro país -- Constitución socialista de la república popular democrática de corea -- Establecimiento de la nueva constitución socialista y su significación -- Tradiciones revolucionarias y breve historia de la constitución... aCorea del Norte aSocialismo aComunismo aAsia aKim Il Sung aIl Sung,Kim